The booster /

Bibliographic Details
Main Author: Solow, Jennifer
Format: Book
Language:English
Published: New York : Atria Books, 2006.
Edition:1st Atria Books hardcover ed.
Subjects:

MARC

Tag First Indicator Second Indicator Subfields
LEADER 00000cam a2200000 a 4500
001 in00002170213
005 20151104060712.0
008 050819s2006 nyu 000 1 eng
010 |a  2005053627 
020 |a 0743281837 
024 3 |a 9780743281836 
035 |a (OCoLC)ocm61362867 
040 |a DLC  |c DLC  |d YDX  |d BAKER  |d JSZ  |d DPB  |d VP@  |d TXA  |d UtOrBLW 
043 |a n-us-ny 
049 |a TXAM 
050 0 0 |a PS3619.O4375  |b B66 2006 
082 0 0 |a 813/.6  |2 22 
100 1 |a Solow, Jennifer. 
245 1 4 |a The booster /  |c Jennifer Solow. 
250 |a 1st Atria Books hardcover ed. 
264 1 |a New York :  |b Atria Books,  |c 2006. 
300 |a 308 pages ;  |c 24 cm. 
336 |a text  |b txt  |2 rdacontent 
337 |a unmediated  |b n  |2 rdamedia 
338 |a volume  |b nc  |2 rdacarrier 
650 0 |a Unemployed women workers  |v Fiction. 
650 0 |a Loss (Psychology)  |v Fiction. 
651 0 |a New York (N.Y.)  |v Fiction. 
650 0 |a Shoplifting  |v Fiction. 
650 0 |a Unemployed  |v Fiction. 
655 0 |a Psychological fiction. 
655 7 |a Love stories.  |2 gsafd 
938 |a Baker & Taylor  |b BKTY  |c 24.00  |d 18.00  |i 0743281837  |n 0006551072  |s active 
948 |a cataloged  |b h  |c 2006/7/12  |d c  |e ceaton  |f 1:33:36 pm 
994 |a C0  |b TXA 
999 |a MARS 
999 f f |s 2f3e1cd5-cd85-3a09-a4ac-a310e73bdabb  |i cd59de32-333b-3f65-bbf8-f07c744b8cff  |t 0 
952 f f |p normal  |a Texas A&M University  |b College Station  |c Sterling C. Evans Library  |d Evans: Library Stacks  |t 0  |e PS3619.O4375 B66 2006  |h Library of Congress classification  |i unmediated -- volume  |m A14834491400 
998 f f |a PS3619.O4375 B66 2006  |t 0  |l Evans: Library Stacks